00381nam a2200157Ia 4500008004100000082002400041100002500065245001200090250000600102260003300108300000800141600002500149630001200174700002500186730001200211151018s9999 xx 000 0 und d bRBASDV35266a294.59 aBhupendra Kumar Modi aOne god b1 bBharatiya Vidye Bhavanc2000 a208 aBhupendra Kumar Modi aOne god aBhupendra Kumar Modi aOne god